000 00579nam a2200205Ia 4500
005 20250923145133.0
008 008 250917s9999 xx 000 0 eng d
037 _aTextual
040 _aDSWL
_beng
_cDSWL
041 _aeng
_2eng
084 _aV2og56, N65
_qDSWL
100 _aGriffiths, Pericival
_9832144
245 4 _aThe Briti impact on India
_cby Pericival Griffiths
260 _aLondon
_bFunk Cass & Co.
_c1965
300 _axi,695p.
365 _aINR
_b75
925 _g75
942 _cTEXL
_hV2og56, N65
999 _c1447612
_d1447612